One Word Will Do (A-Z) Quiz Stats

 Plays Quiz Updated Jan 25, 2019

Support Sporcle.
Go Orange.
Score 0/25 Timer 06:00
6 Plays Today
Phrase in which One Word can suffice Missing Word % Correct
Will time ___ more quickly for you if I ___?go
94.1%
I just ___ to ___ those shoes!have
93.7%
The mower blade lost its ___, so the lawn near the ___ of the sidewalk wasn't cut.edge
92.3%
A ___ friend often will stay ___ to you in times of trouble.close
92.2%
The player used ___ language when the referee's whistle indicated his ___.foul
91.9%
I ___ for spring, for it has been gone a ___ time.long
91.9%
Do you ___ to imply that I have been ___ to you just because you're worthless?mean
90%
How ___ of you to bring me the ___ of flowers that I adore!kind
89%
For the ___ part of the day, the soldier's ___ strategy was to defend the fort.best
88.4%
Let's ___ here for a while, and we can eat the ___ of our picnic snacks.rest
88.3%
You've made your ___, now please ___ that sword at someone else!point
86.9%
If you ___ the salad, I'll ___ the dishes.do
86.6%
The lawyer ___ meant to say that the decision did not seem ___.just
85.6%
Phrase in which One Word can suffice Missing Word % Correct
The King issued the ___ to his ___ of Knights, and they obeyed it.order
83.7%
I'd like to have a ___ with you about disrespecting the letter 'X' in your ___ game.word
83.5%
The student was ___ confused, having not read ___ of the test instructions yet.all
79.7%
It was no ___; my friend refused to discuss his drug ___.use
78%
The sightseer used the ___ setting, just in time to see the plane ___ upwards.zoom
77.6%
An incredible ___ told of a weaver whose house was constructed out of ___!yarn
76.8%
The repairman ___ the television ___ back onto its stand.set
76.6%
The thief broke into the ___, and tried to ___ over the wall during his escape.vault
76.4%
She felt it would be a ___ idea to include young wizards in her ___.novel
76.2%
She was ___ to believe that the ski hill was ___ too steeply.inclined
75.2%
With his ___ empty, the Yeoman watched his last arrow ___ on hitting the target.quiver
74.8%
I would certainly ___ fishing if I knew how to use the ___.tackle
40.9%

From the Vault

Top Grossing 'W' Movies

by Sheldon

Movies 5m
These movies really got the W.
Remove Ads.
Support Sporcle.
Get the best of Sporcle when you Go Orange. This ad-free experience offers more features, more stats, and more fun while also helping to support Sporcle. Thank you for becoming a member.

Show Comments

Extras

Top Quizzes Today


Score Distribution

Your Account Isn't Verified!

In order to create a playlist on Sporcle, you need to verify the email address you used during registration. Go to your Sporcle Settings to finish the process.

Report this User

Report this user for behavior that violates our Community Guidelines.

Details: